02116nam a2200289 i 4500003000900000005001700009007000300026008004100029040003000070082002200100245009000122264004400212300003300256336002700289337003300316338002800349504003100377505108800408590002701496650004701523650002601570650003501596910001401631942001401645952015001659999001701809DO-SdBNP20250701135406.0ta250319t1998 dr 000 0 spa d aDO-SdBNPbspacBNPHUerda a615.11bG943f22200aGuía farmacoterapéutica de medicamentos esenciales de la República Dominicana / aSanto Domingo :bEditora Taller,c1998. axxvii, 498 páginasc21 cm. atextobtxt2rdacontent asin mediaciónbn2rdamedia avolumenbnc2rdacarrier aBibliografía p: 495-498.2 tAnestésicos generales y locales. Bloqueantes neuromusculares -- tAnalgésicos, antipiréticos, antiinflamatorios no esteroideos y antigotosos -- tAntialérgicos, antagonistas H1 de la histamina -- tAntídotos antagonistas para tratamientos específicos en intoxicaciones -- tAntiepilépticos, anticonvulsivos -- tAntibióticos, antiinfecciosos -- tAntimigrañosos. Antagonistas de la serotonina -- tAntineoplásicos y agente inmunosupresores -- tAntiparkinsonianos -- tAntianémicos. Anticoagulantes y fracción plasmática -- tCardiovasculares -- tDermatológicos -- tDiagnóstico, agentes -- tDiuréticos -- tDigestivo, aparato -- tHormonas, medicamentos endocrinos y contraceptivos -- tInmunológicos -- tInhibidores de la colinesterasa -- tPreparaciones oftalmológicas -- tOxitócicos y antioxitócicos -- tSoluciones para diálisis peritoneal -- tPsicoterápias: antipsicóticos y antidepresivos -- tMedicamentos respiratorios -- tTrastornos hídricos. Soluciones electrolíticas y ácido básicas -- tVitaminas y minerales / aInventariado, 2025/ YL 0aProyectos de desarrollo económico 96643 0aFarmacología987237 0aMedicamentos esenciales987242 aYLockward 2ddccLBS1 00102ddc51708PDaBNPHUbBNPHUcCTd2024-07-18eDonado por Claro Dominicanal0oBNPHU PD 615.11 G943fp2025-1998r2025-03-19w2025-03-19yLBS1 c58472d58472